<?xml version="1.0" encoding="UTF-8"?>
<collection xmlns="http://www.loc.gov/MARC21/slim">
    <record>
        <controlfield tag="001">13371</controlfield>
        <controlfield tag="005">20190219123643.0</controlfield>
        <datafield tag="037" ind1=" " ind2=" ">
            <subfield code="a">TESIS-2014-011</subfield>
        </datafield>
        <datafield tag="041" ind1=" " ind2=" ">
            <subfield code="a">spa</subfield>
        </datafield>
        <datafield tag="080" ind1=" " ind2=" ">
            <subfield code="a">93:37.02</subfield>
        </datafield>
        <datafield tag="100" ind1="1" ind2=" ">
            <subfield code="a">Flores Hole, Hazel Catherina</subfield>
        </datafield>
        <datafield tag="245" ind1="0" ind2="0">
            <subfield code="a">La investigación cooperativa como modelo de selección de recursos constructivos TIC para la enseñanza del concepto tiempo en historia</subfield>
        </datafield>
        <datafield tag="260" ind1=" " ind2=" ">
            <subfield code="a">Zaragoza</subfield>
            <subfield code="b">Universidad de Zaragoza, Prensas de la Universidad</subfield>
            <subfield code="c">2014</subfield>
        </datafield>
        <datafield tag="300" ind1=" " ind2=" ">
            <subfield code="a">706</subfield>
        </datafield>
        <datafield tag="490" ind1="0" ind2=" ">
            <subfield code="a">Tesis de la Universidad de Zaragoza</subfield>
            <subfield code="v">2014-9</subfield>
            <subfield code="x">2254-7606</subfield>
        </datafield>
        <datafield tag="500" ind1=" " ind2=" ">
            <subfield code="a">Presentado:  23 01 2014</subfield>
        </datafield>
        <datafield tag="502" ind1=" " ind2=" ">
            <subfield code="a">Tesis-Univ. Zaragoza, Didáctica de las Lenguas y de las Ciencias Humanas y Sociales, 2014</subfield>
            <subfield code="b">Zaragoza, Universidad de Zaragoza</subfield>
            <subfield code="c">2014</subfield>
        </datafield>
        <datafield tag="506" ind1=" " ind2=" ">
            <subfield code="a">by-nc-nd</subfield>
            <subfield code="b">Creative Commons</subfield>
            <subfield code="c">3.0</subfield>
            <subfield code="u">https://creativecommons.org/licenses/by-nc-nd/3.0/</subfield>
        </datafield>
        <datafield tag="520" ind1=" " ind2=" ">
            <subfield code="a">La presente tesis propone un modelo de selección de recursos TIC para la enseñanza del concepto tiempo en historia. La finalidad de este modelo cooperativo es diseñar un método de trabajo-investigación como espacio en el cual los profesores Ciencias Sociales puedan interactuar para la selección de recursos TIC. El uso de este modelo se aplicó a tres recursos constructivos: un generador de exposiciones virtuales (VIRGO), mapas conceptuales y líneas de tiempo digitales. Para esto, la investigación cooperativa demostró ser un modelo sencillo y sistemático, desarrollado a través de ciclos de discusión en diversas fases, lo cual da lugar a una dinámica de discusión y transformación. El modelo permite recopilar una gran cantidad de información que ayuda a una mejor selección. La evaluación de los recursos se centró en tres enfoques: 1) diseño instruccional, 2) carga cognitiva y 3) perspectiva experiencial-didáctica de los profesores/especialistas. La triangulación de estos tres enfoques fortalece la fiabilidad de la información a través de un proceso de encuentros colaborativos con dichos recursos, apoyados en la subjetividad crítica de los co-investigadores, con los instrumentos de recopilación de datos, dándole rigor, profundidad y riqueza a la información obtenida. El modelo, ejecutado enteramente en un entorno virtual como el foro de discusión, demostró ser: ecológico, económico, de largo alcance, fácil de manejar y accesible. En el estudio participaron profesores de diferentes países incluyendo España. Sus ciclos de discusión demostraron que las líneas de tiempo digitales son el mejor recurso para el cambio conceptual referido al concepto tiempo en historia, seguido de los mapas conceptuales digitales y por último el asistente para generación de exposiciones VIRGO.  Referencias bibliográficas más destacadas: Barberà, E., Mauri, T., y Onrubia, J. (2008). Sentido y finalidad de la evaluación de la calidad educativa de la enseñanza y el aprendizaje con TIC. En T. Barberà, T. Mauri, y J. Onrubia, Cómo valorar la calidad de la enseñanza basadas en las TIC. Pautas e instrumentos de análisis (págs. 51-78). España: Graó. Bartolomé, P. (1986). La investigación cooperativa. Educar(10), 51-78. Jonassen, D. (2006). Modeling with technology, Mindtools for conceptual change. New Jersey: Pearson Prentice Hall. Mattozzi, I. (1990). Storia. L'educaziones temporale nella sucola elementare. Milano: Irrsae Lombardia. Mayer, R. (2004). Psicología de la educación, enseñar para un aprendizaje significativo. Madrid: Pearson Prentice Hall. Mayer, R. (2005a). The Cambridge Handbook of Mutimedia. Nueva York: Cambridge University Press. Trepat, C. (2011). El aprendizaje del tiempo en Educación Infantil. En P. Rivero, Didáctica en las Ciencias Sociales para Educación Infantil (págs. 49-64). Zaragoza: Mira editores. Vosniadou, S. (2008). Conceptual change research: An introduction. En S. Vosniadou, International handbook of research on conceptual change (págs. xiii-xxviii). Nueva York: Routledge.</subfield>
        </datafield>
        <datafield tag="653" ind1="1" ind2=" ">
            <subfield code="a">educación secundaria</subfield>
        </datafield>
        <datafield tag="653" ind1="1" ind2=" ">
            <subfield code="a">historia</subfield>
        </datafield>
        <datafield tag="653" ind1="1" ind2=" ">
            <subfield code="a">tiempo</subfield>
        </datafield>
        <datafield tag="653" ind1="1" ind2=" ">
            <subfield code="a">aprendizaje constructivo</subfield>
        </datafield>
        <datafield tag="653" ind1="1" ind2=" ">
            <subfield code="a">investigación cooperativa</subfield>
        </datafield>
        <datafield tag="653" ind1="1" ind2=" ">
            <subfield code="a">cambio conceptual</subfield>
        </datafield>
        <datafield tag="653" ind1="1" ind2=" ">
            <subfield code="a">carga cognitiva</subfield>
        </datafield>
        <datafield tag="653" ind1="1" ind2=" ">
            <subfield code="a">línea de tiempo</subfield>
        </datafield>
        <datafield tag="653" ind1="1" ind2=" ">
            <subfield code="a">mapas conceptuales</subfield>
        </datafield>
        <datafield tag="653" ind1="1" ind2=" ">
            <subfield code="a">museo virtual</subfield>
        </datafield>
        <datafield tag="653" ind1="1" ind2=" ">
            <subfield code="a">cibermuseología</subfield>
        </datafield>
        <datafield tag="653" ind1="1" ind2=" ">
            <subfield code="a">tic</subfield>
        </datafield>
        <datafield tag="653" ind1="1" ind2=" ">
            <subfield code="a">secondary education</subfield>
        </datafield>
        <datafield tag="653" ind1="1" ind2=" ">
            <subfield code="a">history</subfield>
        </datafield>
        <datafield tag="653" ind1="1" ind2=" ">
            <subfield code="a">time</subfield>
        </datafield>
        <datafield tag="653" ind1="1" ind2=" ">
            <subfield code="a">constructive learning</subfield>
        </datafield>
        <datafield tag="653" ind1="1" ind2=" ">
            <subfield code="a">cooperative research</subfield>
        </datafield>
        <datafield tag="653" ind1="1" ind2=" ">
            <subfield code="a">conceptual change</subfield>
        </datafield>
        <datafield tag="653" ind1="1" ind2=" ">
            <subfield code="a">cognitive load</subfield>
        </datafield>
        <datafield tag="653" ind1="1" ind2=" ">
            <subfield code="a">digital timelines</subfield>
        </datafield>
        <datafield tag="653" ind1="1" ind2=" ">
            <subfield code="a">concept maps</subfield>
        </datafield>
        <datafield tag="653" ind1="1" ind2=" ">
            <subfield code="a">virtual museum</subfield>
        </datafield>
        <datafield tag="653" ind1="1" ind2=" ">
            <subfield code="a">cybermuseology</subfield>
        </datafield>
        <datafield tag="653" ind1="1" ind2=" ">
            <subfield code="a">itc</subfield>
        </datafield>
        <datafield tag="700" ind1=" " ind2=" ">
            <subfield code="a">Rivero Gracia, María Pilar</subfield>
            <subfield code="e">dir.</subfield>
        </datafield>
        <datafield tag="710" ind1="2" ind2=" ">
            <subfield code="a">Universidad de Zaragoza</subfield>
            <subfield code="b">Didáctica de las Lenguas y de las Ciencias Humanas y Sociales</subfield>
        </datafield>
        <datafield tag="856" ind1="0" ind2=" ">
            <subfield code="f">zaguan@unizar.es</subfield>
        </datafield>
        <datafield tag="856" ind1="4" ind2=" ">
            <subfield code="s">11001372</subfield>
            <subfield code="u">http://zaguan.unizar.es/record/13371/files/TESIS-2014-011.pdf</subfield>
            <subfield code="z">Texto completo (spa)</subfield>
        </datafield>
        <datafield tag="909" ind1="C" ind2="O">
            <subfield code="o">oai:zaguan.unizar.es:13371</subfield>
            <subfield code="p">driver</subfield>
        </datafield>
        <datafield tag="909" ind1="c" ind2="o">
            <subfield code="p">tesis</subfield>
        </datafield>
        <datafield tag="910" ind1="2" ind2=" ">
            <subfield code="a">Didáctica de las ciencias sociales</subfield>
            <subfield code="b">Didáctica de las Lenguas y de las Ciencias Humanas y Sociales</subfield>
        </datafield>
        <datafield tag="980" ind1=" " ind2=" ">
            <subfield code="a">TESIS</subfield>
        </datafield>
    </record>

    
</collection>